| 000 | 00518nam a22001577a 4500 | ||
|---|---|---|---|
| 008 | 230405b |||||||| |||| 00| 0 eng d | ||
| 020 | _a0195633407 | ||
| 040 |
_aNational Science Library _cNational Science Library |
||
| 080 |
_a330.34(047.7) _bN3 |
||
| 245 |
_aHuman development report 1993 _c/ United Nations Development Programme |
||
| 260 |
_aNew York: _bUnited Nations Development Programme, _c1993 |
||
| 300 | _aix, 230p. | ||
| 650 | _aEconomics | ||
| 653 | _aHuman development indicators | ||
| 942 |
_2udc _cREP |
||
| 999 |
_c18711 _d18711 |
||